Los partidos políticos

সংরক্ষণ করুন:
গ্রন্থ-পঞ্জীর বিবরন
প্রধান লেখক: Schifter Sikora, Jacobo
বিন্যাস: পাঠ‍্য
প্রকাশিত: Heredia: IDELA
ট্যাগগুলো: ট্যাগ যুক্ত করুন
কোনো ট্যাগ নেই, প্রথমজন হিসাবে ট্যাগ করুন!

MARC

LEADER 00000 a a2200000 04500
001 15995
003
040 |a CRAI/IIS  |c CRAI/IIS 
090 |a 013600  
100 |a Schifter Sikora, Jacobo  
245 |a Los partidos políticos  
260 |a Heredia:   |b IDELA  
300 |a 105 p.  
999 |c 17393  |d 17393